1513 1383 1908 1946 1019 1917 1407 1882 1969 1450 1455 1652 1531 1061 1499 1598 1842 1536 1280 1399 1611 1032 1197 1240 1343 1456 1825 1555 1541 1880 1543 1052 1459 1132 1069 1039 1849 1698 1987 1212 1628 1128 1776 1808 1300 1357 1165 1227 1998 1364 1893 1748 1476 1788 1384 1793 1667 1464 1605 1760 1960 1749 1526 1749 1336 1591 1517 1970 1785 1456 1756 1180 1170 1866 1917 1681 1743 1000 1405 1792 1864 1970 1721 1374 1695 1674 1079 1874 1498 1025 1365 1289 1135 1376 1039 1281 1551 1283 1189 BCNSPRNW ULIB Ver.6.0+V

เปลี่ยนเป็นภาษาไทย

Change to English
 แสดงรายละเอียดบรรณานุกรม
  กลับหน้าหลัก

Brief Record : Get Marc (ISO 2709) : E-mail record : QR code < ปิดหน้าต่าง
LEADER : 00000nam 2200000uu 4500
001    13399113034
003     ULIB
008    110921s2552||||th 000 0 tha d
020    9786167004037
050  4 TT870^bร343ม 2552
100 0  รัชนีวรรณ เพ็งปรีชา
245 10 มหัศจรรย์การพับกระดาษ /^cรัชนีวรรณ เพ็งปรีชา
260    กรุงเทพฯ :^bเพชรการเรือน,^c2552
300    85 หน้า ;^bภาพประกอบสี
650  7 พับกระดาษ
945    ^p160^l0^i027674
995    ทศพร
999 ^a ทศพร
รายการนี้ยังไม่มีแท็ก
คุณยังไม่ได้ล็อกอิน คุณสามารถมีกิจกรรมร่วมกับเว็บไซต์ได้ แต่ต้องล็อกอินก่อน ::
  ล็อกอิน

รายการสื่อสารสนเทศ

ลำดับที่ ประเภท เลขเรียก/บาร์โค้ด สถานที่ สถานะ
- ไม่พบข้อมูล -

รายการใกล้เคียง
    ผู้แต่ง [รัชนีวรรณ เพ็งปรีชา]

    หัวเรื่อง [พับกระดาษ]

BibComment


ยังไม่เคยถูกคอมเมนท์

คอมเมนท์ทรัพยากรรายการนี้
  คอมเมนท์: มหัศจรรย์การพับกร..


 Copyright 2026. Bcnsprnw @Library